Metodologické otázky kalkulácie vlastných nákladov výkonov v priemysle kandidátska dizertačná práca

Gespeichert in:
Bibliographische Detailangaben
1. Verfasser: NGU YEN THI, PHUONG LIEN
Körperschaft: Vysoká škola ekonomická v Bratislave
Format: Buch
Sprache:Slowakisch
Veröffentlicht: Bratislava 1989
Tags: Tag hinzufügen
Keine Tags, Fügen Sie das erste Tag hinzu!

MARC

LEADER 00000nam a2200000 4500
001 c033378
005 20221215070847.6
041 0 |a slo 
044 |a SK 
245 1 0 |a Metodologické otázky kalkulácie vlastných nákladov výkonov v priemysle  |b kandidátska dizertačná práca  |c Phuong Lien Ngu Yen Thi 
264 1 |a Bratislava  |c 1989 
300 |a 119 s. 
100 1 |a NGU YEN THI, PHUONG LIEN 
710 2 |a Vysoká škola ekonomická v Bratislave